Soil water and Agronomic productivity (Advances in soil science-19) (Record no. 43103)
[ view plain ]
| 000 -LEADER | |
|---|---|
| fixed length control field | 00525nam a2200181Ia 4500 |
| 082 ## - DEWEY DECIMAL CLASSIFICATION NUMBER | |
| Classification number | 631.432 |
| Item number | ADV.19 |
| 100 ## - MAIN ENTRY--AUTHOR NAME | |
| Personal name | Lal, R |
| 245 #0 - TITLE STATEMENT | |
| Title | Soil water and Agronomic productivity (Advances in soil science-19) |
| 260 ## - PUBLICATION, DISTRIBUTION, ETC. (IMPRINT) | |
| Place of publication | CRC Press |
| Name of publisher | Boca Raton |
| Year of publication | 2012 |
| 650 ## - SUBJECT ADDED ENTRY--TOPICAL TERM | |
| Topical Term | Soil Moisture |
| 650 ## - SUBJECT ADDED ENTRY--TOPICAL TERM | |
| Topical Term | Soil Moisture Conservation |
| 650 ## - SUBJECT ADDED ENTRY--TOPICAL TERM | |
| Topical Term | Soil water management |
| 650 ## - SUBJECT ADDED ENTRY--TOPICAL TERM | |
| Topical Term | Water Resources |
| 650 ## - SUBJECT ADDED ENTRY--TOPICAL TERM | |
| Topical Term | Watershed management tools |
| 700 ## - ADDED ENTRY--PERSONAL NAME | |
| Personal name | Stewart, BA |
| 942 ## - ADDED ENTRY ELEMENTS (KOHA) | |
| Koha item type | Books |
| Withdrawn status | Lost status | Damaged status | Not for loan | Home library | Current library | Date acquired | Full call number | Accession Number | Koha item type |
|---|---|---|---|---|---|---|---|---|---|
| RRII Library | RRII Library | 16/12/2021 | 631.432 ADV.19 | 23369 | Books |